MARC

LEADER 00000nam0a2200000 4500
001 259444
005 20231101233404.0
035 |a (RuTPU)RU\TPU\book\282387 
090 |a 259444 
100 |a 20140508d1987 k y0rusy50 ca 
101 0 |a rus 
102 |a RU 
105 |a a z 001zy 
200 1 |a Теория и методы исследования пластин и оболочек сложной формы  |e межвузовский сборник  |f Казанский авиационный институт им. А. Н. Туполева (КАИ) ; под ред. В. Н. Паймушина 
210 |a Казань  |c Изд-во Казанского авиационного института  |d 1987 
215 |a 110 с.  |c ил. 
320 |a Библиогр. в конце ст. 
606 1 |a Оболочки  |x Динамический расчет  |2 stltpush  |3 (RuTPU)RU\TPU\subj\46485  |9 65625 
606 1 |a Пластины  |x Динамический расчет  |2 stltpush  |3 (RuTPU)RU\TPU\subj\49035  |9 67846 
610 1 |a исследования 
610 1 |a теория 
610 1 |a методы 
610 1 |a проектирование 
610 1 |a стохастические задачи 
610 1 |a критические нагрузки 
610 1 |a свободные колебания 
675 |a 539.3:51  |v 3 
702 1 |a Паймушин  |b В. Н.  |4 340 
712 0 2 |a Казанский авиационный институт им. А. Н. Туполева (КАИ)  |c (1932-1992)  |2 stltpush  |3 (RuTPU)RU\TPU\col\10046 
801 1 |a RU  |b 63413507  |c 20140508 
801 2 |a RU  |b 63413507  |c 20150119  |g RCR 
942 |c BK